000 00849 a2200205 4500
003 Nust
005 20221013112755.0
010 _a 76175188
020 _a0801621658
040 _cNust
082 0 0 _a574,HIC
100 1 _aHickman, Cleveland Pendleton,
_9100096
245 1 0 _aBiology of animals /
_cCleveland P. Hickman, Cleveland P. Hickman,
260 _aSaint Louis,
_bC. V. Mosby Co.,
_c1972.
300 _ax, 522 p.
_billus.
_c27 cm.
505 _aPart-1: How Life Differs from the Nonliving (Page-3), Part-2: The Organization of the animal Body (Page-35), Part-3: Physiology of Animals (Page-83), Part -4: Environmental Relations of the Animal (Page-195), Part-5: The Continuity of Life (Page-255), Part-6: The Diversity of Life (Page-351).
650 0 _aZoology.
_929558
700 1 _aHickman, Cleveland P.,
_9100097
942 _2ddc
_cBK
999 _c182833
_d182833